[Event "Russian Championship (Rapid, Men)"]
[Site "Sochi"]
[Date "2018.10.06"]
[Round "7.15"]
[White "Rakhmanov, Aleksandr"]
[Black "Drygalov, Sergey"]
[Result "1-0"]
[BlackElo "2467"]
[WhiteElo "2688"]
[LiveChessVersion "1.4.8"]

1. c4 {[%clk 0:15:18]} e5 {[%clk 0:15:19]} 2. Nf3 {[%clk 0:15:26]} Nc6
{[%clk 0:15:27]} 3. d4 {[%clk 0:15:35]} exd4 {[%clk 0:14:50]} 4. Nxd4
{[%clk 0:15:43]} Nf6 {[%clk 0:14:58]} 5. Nxc6 {[%clk 0:15:50]} bxc6
{[%clk 0:15:05]} 6. g3 {[%clk 0:15:59]} Bb4+ {[%clk 0:13:58]} 7. Bd2
{[%clk 0:16:07]} Bxd2+ {[%clk 0:14:03]} 8. Qxd2 {[%clk 0:15:56]} O-O
{[%clk 0:13:39]} 9. Bg2 {[%clk 0:16:01]} Rb8 {[%clk 0:13:37]} 10. Nc3
{[%clk 0:14:54]} c5 {[%clk 0:13:17]} 11. O-O {[%clk 0:14:59]} d6 {[%clk 0:13:23]}
12. e4 {[%clk 0:14:44]} Nd7 {[%clk 0:13:02]} 13. f4 {[%clk 0:14:44]} Bb7
{[%clk 0:11:55]} 14. Rad1 {[%clk 0:14:41]} Nb6 {[%clk 0:09:35]} 15. b3
{[%clk 0:14:46]} Qe7 {[%clk 0:09:40]} 16. Rfe1 {[%clk 0:14:45]} Rbd8
{[%clk 0:07:26]} 17. Re3 {[%clk 0:14:49]} Rfe8 {[%clk 0:07:24]} 18. Rde1
{[%clk 0:14:24]} c6 {[%clk 0:07:04]} 19. Qf2 {[%clk 0:13:42]} a5 {[%clk 0:06:57]}
20. a4 {[%clk 0:13:36]} Qc7 {[%clk 0:05:41]} 21. Rd3 {[%clk 0:11:44]} Qe7
{[%clk 0:04:13]} 22. Ree3 {[%clk 0:09:48]} Nd7 {[%clk 0:03:02]} 23. Qd2
{[%clk 0:09:36]} Nf8 {[%clk 0:03:01]} 24. Re1 {[%clk 0:06:56]} Ne6
{[%clk 0:02:43]} 25. Rd1 {[%clk 0:05:11]} Nd4 {[%clk 0:02:50]} 26. Ne2
{[%clk 0:05:17]} Nxe2+ {[%clk 0:02:38]} 27. Qxe2 {[%clk 0:05:25]} d5
{[%clk 0:02:46]} 28. Qd2 {[%clk 0:05:00]} d4 {[%clk 0:02:03]} 29. Qxa5
{[%clk 0:05:02]} f6 {[%clk 0:02:09]} 30. b4 {[%clk 0:04:31]} cxb4
{[%clk 0:01:11]} 31. c5 {[%clk 0:04:40]} b3 {[%clk 0:01:19]} 32. Rxb3
{[%clk 0:04:21]} Bc8 {[%clk 0:01:07]} 33. Rbd3 {[%clk 0:03:49]} Bg4
{[%clk 0:01:13]} 34. R1d2 {[%clk 0:03:56]} Qb7 {[%clk 0:01:05]} 35. h3
{[%clk 0:02:58]} Be2 {[%clk 0:00:30]} 36. Rxd4 {[%clk 0:03:02]} Rxd4
{[%clk 0:00:27]} 37. Rxd4 {[%clk 0:03:11]} Qb1+ {[%clk 0:00:36]} 38. Kh2
{[%clk 0:03:04]} h5 {[%clk 0:00:14]} 39. Qd2 {[%clk 0:02:46]} Bf1
{[%clk 0:00:18]} 40. Qb4 {[%clk 0:02:16]} Qc2 {[%clk 0:00:21]} 41. Qd2
{[%clk 0:01:35]} Qb1 {[%clk 0:00:22]} 42. Rb4 {[%clk 0:01:43]} Qa1
{[%clk 0:00:27]} 43. Qd7 {[%clk 0:01:24]} Rf8 {[%clk 0:00:22]} 44. Rb7
{[%clk 0:01:29]} f5 {[%clk 0:00:22]} 45. e5 {[%clk 0:01:30]} 1-0

[Event "Russian Championship (Rapid, Men)"]
[Site "Sochi"]
[Date "2018.10.06"]
[Round "7.17"]
[White "Lysyj, Igor"]
[Black "Gochelashvili, David"]
[Result "1-0"]
[BlackElo "2450"]
[WhiteElo "2644"]
[LiveChessVersion "1.4.8"]

1. d4 {[%clk 0:15:19]} g6 {[%clk 0:15:18]} 2. c4 {[%clk 0:15:25]} Bg7
{[%clk 0:15:27]} 3. Nf3 {[%clk 0:15:05]} c5 {[%clk 0:13:53]} 4. d5
{[%clk 0:15:11]} d6 {[%clk 0:13:59]} 5. e4 {[%clk 0:15:09]} e6 {[%clk 0:13:56]}
6. Nc3 {[%clk 0:15:02]} Ne7 {[%clk 0:13:56]} 7. h4 {[%clk 0:13:45]} exd5
{[%clk 0:13:26]} 8. cxd5 {[%clk 0:13:53]} Bg4 {[%clk 0:13:28]} 9. Qa4+
{[%clk 0:13:58]} Bd7 {[%clk 0:10:17]} 10. Qb3 {[%clk 0:14:03]} b6
{[%clk 0:07:55]} 11. Bf4 {[%clk 0:13:35]} Nc8 {[%clk 0:06:09]} 12. h5
{[%clk 0:12:15]} O-O {[%clk 0:06:15]} 13. hxg6 {[%clk 0:11:10]} hxg6
{[%clk 0:06:02]} 14. Bd3 {[%clk 0:10:03]} a5 {[%clk 0:05:39]} 15. Bg5
{[%clk 0:07:58]} a4 {[%clk 0:04:24]} 16. Qc2 {[%clk 0:07:36]} Qc7
{[%clk 0:03:23]} 17. Qd2 {[%clk 0:06:32]} c4 {[%clk 0:03:28]} 18. Bh6
{[%clk 0:04:59]} Bf6 {[%clk 0:03:36]} 19. Qf4 {[%clk 0:04:31]} Qd8
{[%clk 0:03:25]} 20. Bg5 {[%clk 0:03:16]} Bf5 {[%clk 0:00:51]} 21. Qh4
{[%clk 0:02:46]} 1-0

[Event "Russian Championship (Rapid, Men)"]
[Site "Sochi"]
[Date "2018.10.06"]
[Round "7.18"]
[White "Gutenev, Alexander"]
[Black "Pridorozhni, Aleksei"]
[Result "1/2-1/2"]
[BlackElo "2632"]
[WhiteElo "2463"]
[LiveChessVersion "1.4.8"]

1. e4 {[%clk 0:15:18]} c5 {[%clk 0:15:19]} 2. Nf3 {[%clk 0:15:26]} e6
{[%clk 0:15:27]} 3. d4 {[%clk 0:15:35]} cxd4 {[%clk 0:15:36]} 4. Nxd4
{[%clk 0:15:44]} Nf6 {[%clk 0:15:44]} 5. Nc3 {[%clk 0:15:52]} Nc6
{[%clk 0:15:52]} 6. Ndb5 {[%clk 0:16:00]} Bc5 {[%clk 0:16:00]} 7. Nd6+
{[%clk 0:14:15]} Ke7 {[%clk 0:16:09]} 8. Bf4 {[%clk 0:11:45]} e5 {[%clk 0:16:17]}
9. Nf5+ {[%clk 0:11:47]} Kf8 {[%clk 0:16:26]} 10. Bg5 {[%clk 0:10:58]} h6
{[%clk 0:16:33]} 11. Bxf6 {[%clk 0:11:00]} Qxf6 {[%clk 0:16:41]} 12. Qd2
{[%clk 0:10:42]} d6 {[%clk 0:16:35]} 13. Nd5 {[%clk 0:10:22]} Qd8
{[%clk 0:16:42]} 14. c3 {[%clk 0:10:02]} g6 {[%clk 0:16:24]} 15. Nfe3
{[%clk 0:10:03]} a6 {[%clk 0:16:31]} 16. a4 {[%clk 0:08:08]} Kg7 {[%clk 0:16:31]}
17. Bd3 {[%clk 0:06:21]} Be6 {[%clk 0:16:33]} 18. O-O {[%clk 0:05:55]} Ne7
{[%clk 0:15:45]} 19. Nxe7 {[%clk 0:05:31]} Qxe7 {[%clk 0:15:53]} 20. Kh1
{[%clk 0:04:47]} Qg5 {[%clk 0:15:54]} 21. Rae1 {[%clk 0:03:28]} Rad8
{[%clk 0:15:50]} 22. Qc2 {[%clk 0:03:07]} Rhe8 {[%clk 0:15:10]} 23. Bc4
{[%clk 0:02:06]} Bxe3 {[%clk 0:14:38]} 24. Bxe6 {[%clk 0:02:15]} Rxe6
{[%clk 0:14:31]} 25. Rxe3 {[%clk 0:02:13]} d5 {[%clk 0:14:37]} 26. exd5
{[%clk 0:01:46]} Rxd5 {[%clk 0:14:44]} 27. Qb3 {[%clk 0:00:18]} Rd7
{[%clk 0:14:14]} 28. h3 Red6 {[%clk 0:12:39]} 29. Rfe1 {[%clk 0:00:27]} f6
{[%clk 0:12:36]} 30. Kg1 {[%clk 0:00:34]} h5 {[%clk 0:12:38]} 31. Qc4 Qf5
{[%clk 0:12:28]} 32. Qe4 {[%clk 0:00:20]} Qxe4 {[%clk 0:12:15]} 33. Rxe4
{[%clk 0:00:29]} Rd2 {[%clk 0:12:31]} 34. R4e2 {[%clk 0:00:24]} Rxe2 35. Rxe2
{[%clk 0:00:43]} Rd1+ {[%clk 0:12:39]} 36. Kh2 {[%clk 0:00:35]} g5
{[%clk 0:12:21]} 37. Kg3 Rd3+ 38. f3 {[%clk 0:00:38]} Kf7 {[%clk 0:12:20]} 39.
Re4 {[%clk 0:00:46]} a5 {[%clk 0:12:20]} 40. Rc4 {[%clk 0:00:51]} Ke6
{[%clk 0:12:24]} 41. Rc5 {[%clk 0:00:58]} b6 {[%clk 0:12:28]} 42. Rb5
{[%clk 0:01:07]} Rd6 {[%clk 0:12:36]} 43. Kf2 {[%clk 0:01:12]} f5
{[%clk 0:12:37]} 44. Ke2 {[%clk 0:01:19]} f4 {[%clk 0:12:42]} 45. b4
{[%clk 0:00:41]} axb4 {[%clk 0:12:37]} 46. Rxb4 {[%clk 0:00:27]} Kf5
{[%clk 0:12:41]} 47. Rb5 {[%clk 0:00:34]} Rg6 {[%clk 0:12:41]} 48. a5
{[%clk 0:00:24]} bxa5 {[%clk 0:12:47]} 49. Rxa5 {[%clk 0:00:33]} g4
{[%clk 0:12:40]} 50. hxg4+ {[%clk 0:00:42]} hxg4 {[%clk 0:12:49]} 51. Ra8
{[%clk 0:00:13]} Rc6 {[%clk 0:12:26]} 52. Rf8+ {[%clk 0:00:20]} Ke6
{[%clk 0:12:35]} 53. Kd3 {[%clk 0:00:26]} g3 {[%clk 0:12:43]} 54. Re8+
{[%clk 0:00:35]} Kf6 {[%clk 0:12:52]} 55. Rf8+ {[%clk 0:00:43]} Ke7
{[%clk 0:13:01]} 56. Ra8 {[%clk 0:00:42]} Kd6 {[%clk 0:11:21]} 57. Ke4
{[%clk 0:00:32]} Rc4+ {[%clk 0:10:37]} 58. Kf5 {[%clk 0:00:41]} Rxc3
{[%clk 0:10:10]} 59. Ra6+ {[%clk 0:00:49]} Kd5 {[%clk 0:10:18]} 60. Ra5+
{[%clk 0:00:58]} Kd4 {[%clk 0:10:27]} 61. Rxe5 {[%clk 0:00:46]} Rc2
{[%clk 0:10:24]} 62. Kxf4 {[%clk 0:00:37]} Rxg2 {[%clk 0:10:33]} 63. Rg5
{[%clk 0:00:44]} Rh2 {[%clk 0:10:32]} 64. Kxg3 {[%clk 0:00:46]} Rh8
{[%clk 0:10:37]} 65. Kg4 {[%clk 0:00:47]} Re8 {[%clk 0:10:37]} 66. Rf5
{[%clk 0:00:44]} Rg8+ {[%clk 0:10:43]} 67. Kf4 {[%clk 0:00:37]} Rh8
{[%clk 0:10:50]} 68. Kg5 {[%clk 0:00:28]} Rg8+ {[%clk 0:10:54]} 69. Kf6
{[%clk 0:00:29]} Ke3 {[%clk 0:10:59]} 70. Kf7 {[%clk 0:00:22]} Rg3
{[%clk 0:11:02]} 71. f4 {[%clk 0:00:24]} Rf3 {[%clk 0:11:11]} 72. Ke6
{[%clk 0:00:30]} Rxf4 {[%clk 0:11:16]} 73. Rxf4 {[%clk 0:00:39]} 1/2-1/2

[Event "Russian Championship (Rapid, Men)"]
[Site "Sochi"]
[Date "2018.10.06"]
[Round "7.19"]
[White "Oganian, Miran"]
[Black "Yuffa, Daniil"]
[Result "1-0"]
[BlackElo "2625"]
[WhiteElo "2450"]
[LiveChessVersion "1.4.8"]

1. b3 {[%clk 0:15:18]} e5 {[%clk 0:15:19]} 2. Bb2 {[%clk 0:15:27]} Nc6
{[%clk 0:15:28]} 3. e3 {[%clk 0:15:35]} g6 {[%clk 0:15:37]} 4. d4
{[%clk 0:15:36]} Bg7 {[%clk 0:15:30]} 5. Nf3 {[%clk 0:15:16]} e4 {[%clk 0:15:31]}
6. Nfd2 {[%clk 0:15:20]} f5 {[%clk 0:15:40]} 7. c4 {[%clk 0:14:53]} Nf6
{[%clk 0:15:37]} 8. Nc3 {[%clk 0:15:00]} O-O {[%clk 0:15:30]} 9. Be2
{[%clk 0:14:57]} d6 {[%clk 0:15:15]} 10. O-O {[%clk 0:14:59]} g5 {[%clk 0:15:06]}
11. f3 {[%clk 0:13:03]} exf3 {[%clk 0:14:42]} 12. Rxf3 {[%clk 0:13:03]} f4
{[%clk 0:10:54]} 13. Nf1 {[%clk 0:11:48]} Bg4 {[%clk 0:10:28]} 14. Rf2
{[%clk 0:11:39]} Bxe2 {[%clk 0:09:50]} 15. Rxe2 {[%clk 0:09:01]} Qd7
{[%clk 0:08:46]} 16. exf4 {[%clk 0:08:28]} gxf4 {[%clk 0:08:42]} 17. Qd3
{[%clk 0:08:25]} d5 {[%clk 0:08:00]} 18. Rd1 {[%clk 0:06:57]} Rad8
{[%clk 0:08:09]} 19. Qf3 {[%clk 0:04:56]} Rf7 {[%clk 0:05:52]} 20. cxd5
{[%clk 0:03:27]} Nb4 {[%clk 0:05:49]} 21. Qxf4 {[%clk 0:02:34]} Nfxd5
{[%clk 0:05:57]} 22. Qg3 {[%clk 0:02:29]} Nf4 {[%clk 0:05:38]} 23. Re4
{[%clk 0:01:54]} Rdf8 {[%clk 0:05:25]} 24. Ba3 {[%clk 0:01:21]} c5
{[%clk 0:04:17]} 25. h3 {[%clk 0:00:29]} Qf5 {[%clk 0:02:11]} 26. Re5
{[%clk 0:00:23]} Qc2 {[%clk 0:01:59]} 27. Kh2 {[%clk 0:00:12]} Nxa2
{[%clk 0:00:53]} 28. Rd2 {[%clk 0:00:15]} Qxc3 {[%clk 0:00:56]} 29. Re3
{[%clk 0:00:15]} Qa5 {[%clk 0:00:26]} 30. Bxc5 {[%clk 0:00:23]} Nh5
{[%clk 0:00:22]} 31. Qg4 {[%clk 0:00:15]} Rxf1 {[%clk 0:00:24]} 32. Bxf8
{[%clk 0:00:11]} Rxf8 {[%clk 0:00:18]} 33. Rc2 {[%clk 0:00:12]} Nf6
{[%clk 0:00:13]} 34. Qe6+ {[%clk 0:00:16]} Kh8 {[%clk 0:00:22]} 35. Rg3
{[%clk 0:00:19]} Nb4 {[%clk 0:00:24]} 36. Rc8 {[%clk 0:00:12]} Nbd5
{[%clk 0:00:27]} 37. Qf7 {[%clk 0:00:15]} Qc7 {[%clk 0:00:13]} 38. Rxf8+
{[%clk 0:00:15]} Bxf8 {[%clk 0:00:19]} 39. Qxf8+ {[%clk 0:00:24]} 1-0

[Event "Russian Championship (Rapid, Men)"]
[Site "Sochi"]
[Date "2018.10.06"]
[Round "7.20"]
[White "Hasangatin, Ramil"]
[Black "Rozum, Ivan"]
[Result "1/2-1/2"]
[BlackElo "2612"]
[WhiteElo "2451"]
[LiveChessVersion "1.4.8"]

1. e4 {[%clk 0:15:17]} d6 {[%clk 0:15:18]} 2. d4 {[%clk 0:15:25]} Nf6
{[%clk 0:15:27]} 3. Nc3 {[%clk 0:15:26]} g6 {[%clk 0:15:35]} 4. Nf3
{[%clk 0:15:13]} Bg7 {[%clk 0:15:43]} 5. h3 {[%clk 0:15:21]} O-O {[%clk 0:15:48]}
6. Be3 {[%clk 0:15:29]} c6 {[%clk 0:15:52]} 7. a4 {[%clk 0:15:37]} Nbd7
{[%clk 0:15:58]} 8. Be2 {[%clk 0:15:42]} e5 {[%clk 0:16:06]} 9. dxe5
{[%clk 0:15:49]} dxe5 {[%clk 0:16:15]} 10. Nd2 {[%clk 0:15:57]} Qe7
{[%clk 0:15:55]} 11. Nc4 {[%clk 0:15:55]} Ne8 {[%clk 0:14:50]} 12. O-O
{[%clk 0:13:53]} Nc5 13. a5 f5 {[%clk 0:13:18]} 14. exf5 {[%clk 0:10:00]} gxf5
{[%clk 0:13:25]} 15. f4 {[%clk 0:10:08]} e4 {[%clk 0:13:12]} 16. Qe1
{[%clk 0:09:32]} Nc7 {[%clk 0:10:38]} 17. Qf2 {[%clk 0:09:20]} N5e6
{[%clk 0:10:36]} 18. Rfd1 {[%clk 0:08:56]} Bxc3 {[%clk 0:09:45]} 19. bxc3
{[%clk 0:08:59]} Nd5 {[%clk 0:09:54]} 20. Bd2 {[%clk 0:06:04]} Qc5
{[%clk 0:09:56]} 21. g3 {[%clk 0:05:06]} Bd7 {[%clk 0:09:33]} 22. Rab1
{[%clk 0:04:17]} Rab8 {[%clk 0:09:38]} 23. Qxc5 {[%clk 0:03:23]} Nxc5
{[%clk 0:09:46]} 24. Ne5 {[%clk 0:03:26]} Be6 {[%clk 0:08:28]} 25. c4
{[%clk 0:03:34]} Nc7 {[%clk 0:08:33]} 26. Be3 {[%clk 0:03:28]} N7a6
{[%clk 0:08:39]} 27. g4 {[%clk 0:02:14]} fxg4 {[%clk 0:07:28]} 28. hxg4
{[%clk 0:02:22]} Rbe8 {[%clk 0:07:35]} 29. Rd6 {[%clk 0:01:55]} Re7
{[%clk 0:07:40]} 30. Kg2 {[%clk 0:01:10]} Na4 {[%clk 0:07:27]} 31. Rb3
{[%clk 0:00:51]} N4c5 {[%clk 0:07:06]} 32. Rb1 {[%clk 0:00:59]} Na4
{[%clk 0:07:11]} 33. Rb3 {[%clk 0:01:09]} N4c5 {[%clk 0:07:12]} 34. Rb1
{[%clk 0:01:18]} Na4 {[%clk 0:07:21]} 1/2-1/2

[Event "Russian Championship (Rapid, Men)"]
[Site "Sochi"]
[Date "2018.10.06"]
[Round "7.21"]
[White "Sarana, Alexey"]
[Black "Savitskiy, Sergey"]
[Result "1-0"]
[BlackElo "2449"]
[WhiteElo "2612"]
[LiveChessVersion "1.4.8"]

1. d4 {[%clk 0:15:19]} Nf6 {[%clk 0:15:11]} 2. c4 {[%clk 0:15:28]} g6
{[%clk 0:15:19]} 3. Nc3 {[%clk 0:15:35]} Bg7 {[%clk 0:15:28]} 4. Nf3
{[%clk 0:15:43]} O-O {[%clk 0:15:35]} 5. g3 {[%clk 0:15:51]} d6 {[%clk 0:15:44]}
6. Bg2 {[%clk 0:16:00]} Nc6 {[%clk 0:15:51]} 7. O-O {[%clk 0:16:08]} a6
{[%clk 0:16:00]} 8. Qd3 {[%clk 0:16:16]} e5 {[%clk 0:15:47]} 9. dxe5
{[%clk 0:16:24]} dxe5 {[%clk 0:15:50]} 10. Qxd8 {[%clk 0:16:32]} Rxd8
{[%clk 0:15:57]} 11. Bg5 {[%clk 0:16:40]} Re8 {[%clk 0:15:33]} 12. Nd2
{[%clk 0:16:38]} Nd4 {[%clk 0:15:01]} 13. Rfd1 {[%clk 0:16:07]} Ne6
{[%clk 0:14:30]} 14. Bxf6 {[%clk 0:15:57]} Bxf6 {[%clk 0:14:38]} 15. Nd5
{[%clk 0:16:01]} Bd8 {[%clk 0:14:38]} 16. Rac1 {[%clk 0:15:35]} c6
{[%clk 0:14:04]} 17. Nc3 {[%clk 0:15:41]} f5 {[%clk 0:14:12]} 18. b4
{[%clk 0:15:41]} a5 {[%clk 0:12:59]} 19. a3 {[%clk 0:15:50]} axb4
{[%clk 0:13:07]} 20. axb4 {[%clk 0:15:58]} Ra3 {[%clk 0:11:46]} 21. c5
{[%clk 0:14:10]} Nd4 {[%clk 0:11:47]} 22. Bf1 {[%clk 0:14:18]} Ra8
{[%clk 0:03:37]} 23. e3 {[%clk 0:14:17]} Ne6 {[%clk 0:03:46]} 24. Nc4
{[%clk 0:14:25]} Bc7 {[%clk 0:02:41]} 25. Ra1 {[%clk 0:14:08]} Rxa1
{[%clk 0:02:26]} 26. Rxa1 {[%clk 0:14:17]} Kf8 {[%clk 0:00:47]} 27. Na4
{[%clk 0:14:21]} Ke7 {[%clk 0:00:33]} 28. Nab6 {[%clk 0:14:28]} Bd7
{[%clk 0:00:37]} 29. Ra7 {[%clk 0:14:27]} Nd8 {[%clk 0:00:19]} 30. Na5
{[%clk 0:14:17]} Bxb6 {[%clk 0:00:26]} 31. cxb6 {[%clk 0:14:25]} Bc8
{[%clk 0:00:34]} 32. Ba6 {[%clk 0:14:29]} Kd6 {[%clk 0:00:17]} 33. Bxb7
{[%clk 0:14:12]} Nxb7 {[%clk 0:00:17]} 34. Nxb7+ {[%clk 0:14:20]} Bxb7
{[%clk 0:00:26]} 35. Rxb7 {[%clk 0:14:29]} Ra8 {[%clk 0:00:15]} 36. Rxh7
{[%clk 0:14:20]} Ra1+ {[%clk 0:00:23]} 37. Kg2 {[%clk 0:14:28]} Rb1
{[%clk 0:00:32]} 38. Rh4 {[%clk 0:14:17]} e4 {[%clk 0:00:35]} 39. Rh6
{[%clk 0:14:26]} Rxb4 {[%clk 0:00:20]} 40. Rxg6+ {[%clk 0:14:34]} Kd5
{[%clk 0:00:13]} 41. Rf6 {[%clk 0:14:42]} Rxb6 {[%clk 0:00:13]} 42. Rxf5+
{[%clk 0:14:51]} Kc4 {[%clk 0:00:22]} 43. Re5 {[%clk 0:14:53]} Kd3
{[%clk 0:00:30]} 44. Rc5 {[%clk 0:15:02]} 1-0

[Event "Russian Championship (Rapid, Men)"]
[Site "Sochi"]
[Date "2018.10.06"]
[Round "7.23"]
[White "Sychev, Klementy"]
[Black "Kozak, Alexander"]
[Result "1-0"]
[BlackElo "2383"]
[WhiteElo "2578"]
[LiveChessVersion "1.4.8"]

1. e4 {[%clk 0:15:18]} c6 {[%clk 0:15:16]} 2. d4 {[%clk 0:15:25]} d5
{[%clk 0:15:26]} 3. Nd2 {[%clk 0:15:34]} g6 {[%clk 0:15:35]} 4. c3
{[%clk 0:15:41]} Bg7 {[%clk 0:15:44]} 5. Ngf3 {[%clk 0:15:50]} Nh6
{[%clk 0:15:53]} 6. Bd3 {[%clk 0:15:50]} O-O {[%clk 0:16:00]} 7. O-O
{[%clk 0:15:58]} f6 {[%clk 0:16:09]} 8. Re1 {[%clk 0:16:07]} Nf7 {[%clk 0:16:18]}
9. h4 {[%clk 0:16:15]} e5 {[%clk 0:14:59]} 10. h5 {[%clk 0:13:58]} g5
{[%clk 0:10:19]} 11. dxe5 {[%clk 0:10:43]} fxe5 {[%clk 0:10:22]} 12. h6
{[%clk 0:10:53]} Nxh6 {[%clk 0:06:12]} 13. exd5 {[%clk 0:10:48]} cxd5
{[%clk 0:06:14]} 14. Nxe5 {[%clk 0:10:41]} Nc6 {[%clk 0:06:19]} 15. Ndf3
{[%clk 0:08:26]} Nxe5 {[%clk 0:05:42]} 16. Nxe5 {[%clk 0:08:34]} Qf6
{[%clk 0:04:48]} 17. Qc2 {[%clk 0:05:51]} Bf5 {[%clk 0:04:33]} 18. Bxf5
{[%clk 0:04:33]} Qxf5 {[%clk 0:04:31]} 19. Qxf5 {[%clk 0:04:38]} Rxf5
{[%clk 0:04:39]} 20. Nf3 {[%clk 0:04:24]} g4 {[%clk 0:03:45]} 21. Nd4
{[%clk 0:04:09]} Rf7 {[%clk 0:03:42]} 22. Ne6 {[%clk 0:02:57]} Re8
{[%clk 0:03:30]} 23. Bg5 {[%clk 0:03:01]} Bf6 {[%clk 0:02:24]} 24. Bxh6
{[%clk 0:01:40]} Rfe7 {[%clk 0:02:33]} 25. Rad1 {[%clk 0:01:49]} Rxe6
{[%clk 0:02:24]} 26. Rxe6 {[%clk 0:01:55]} Rxe6 {[%clk 0:02:33]} 27. Rxd5
{[%clk 0:01:17]} g3 {[%clk 0:01:01]} 28. Be3 {[%clk 0:01:10]} gxf2+
{[%clk 0:01:07]} 29. Kxf2 {[%clk 0:01:19]} a6 {[%clk 0:01:00]} 30. Bd4
{[%clk 0:00:52]} Bxd4+ {[%clk 0:00:16]} 31. Rxd4 {[%clk 0:01:01]} Rb6
{[%clk 0:00:19]} 32. b4 {[%clk 0:00:26]} Kf7 {[%clk 0:00:25]} 33. a3
{[%clk 0:00:19]} Kg6 {[%clk 0:00:31]} 34. c4 {[%clk 0:00:27]} Re6
{[%clk 0:00:34]} 35. c5 {[%clk 0:00:33]} Kf5 {[%clk 0:00:39]} 36. Rd7
{[%clk 0:00:39]} b6 {[%clk 0:00:44]} 37. cxb6 {[%clk 0:00:45]} Rxb6
{[%clk 0:00:53]} 38. Rxh7 {[%clk 0:00:53]} Ke4 {[%clk 0:00:54]} 39. Rh5
{[%clk 0:00:51]} Kd4 {[%clk 0:00:34]} 40. g4 {[%clk 0:00:57]} Kc4
{[%clk 0:00:37]} 41. Kg3 {[%clk 0:00:57]} Kd4 {[%clk 0:00:26]} 42. Ra5
{[%clk 0:01:02]} Ke4 {[%clk 0:00:31]} 43. g5 {[%clk 0:01:11]} Rd6
{[%clk 0:00:36]} 44. Kg4 {[%clk 0:01:19]} Rc6 {[%clk 0:00:41]} 45. Kh5
{[%clk 0:01:27]} 1-0

[Event "Russian Championship (Rapid, Men)"]
[Site "Sochi"]
[Date "2018.10.06"]
[Round "7.24"]
[White "Moiseenko, Vadim"]
[Black "Ivlev, Aleksey"]
[Result "1-0"]
[BlackElo "2387"]
[WhiteElo "2577"]
[LiveChessVersion "1.4.8"]

1. g3 {[%clk 0:15:19]} d5 {[%clk 0:15:18]} 2. Bg2 {[%clk 0:15:26]} c6
{[%clk 0:15:27]} 3. c4 {[%clk 0:15:29]} Nf6 {[%clk 0:15:34]} 4. Nf3
{[%clk 0:15:34]} dxc4 {[%clk 0:15:28]} 5. a4 {[%clk 0:15:36]} e6 {[%clk 0:14:27]}
6. Qc2 {[%clk 0:15:32]} b5 {[%clk 0:13:24]} 7. Nc3 {[%clk 0:14:41]} b4
{[%clk 0:13:21]} 8. Nd1 {[%clk 0:14:14]} Bd6 {[%clk 0:12:59]} 9. Ne3
{[%clk 0:14:03]} c3 {[%clk 0:10:36]} 10. bxc3 {[%clk 0:13:51]} bxc3
{[%clk 0:10:44]} 11. Qxc3 {[%clk 0:13:58]} O-O {[%clk 0:10:50]} 12. Bb2
{[%clk 0:13:43]} Ba6 {[%clk 0:09:42]} 13. d3 {[%clk 0:13:00]} Nbd7
{[%clk 0:09:44]} 14. O-O {[%clk 0:12:30]} c5 {[%clk 0:08:33]} 15. a5
{[%clk 0:10:00]} Rb8 {[%clk 0:08:35]} 16. Rfc1 {[%clk 0:09:24]} Re8
{[%clk 0:08:28]} 17. Ba3 {[%clk 0:08:37]} Nd5 {[%clk 0:07:47]} 18. Nxd5
{[%clk 0:08:45]} exd5 {[%clk 0:07:55]} 19. e3 {[%clk 0:08:54]} Be7
{[%clk 0:07:06]} 20. Rab1 {[%clk 0:08:31]} Qc7 {[%clk 0:05:37]} 21. d4
{[%clk 0:08:11]} Rxb1 {[%clk 0:04:18]} 22. Rxb1 {[%clk 0:08:20]} Rb8
{[%clk 0:04:23]} 23. Rc1 {[%clk 0:06:32]} Rb5 {[%clk 0:02:29]} 24. dxc5
{[%clk 0:06:34]} Rxa5 {[%clk 0:02:32]} 25. Bb4 {[%clk 0:06:04]} Ra4
{[%clk 0:02:05]} 26. Qb3 {[%clk 0:05:59]} Rxb4 {[%clk 0:01:55]} 27. Qxb4
{[%clk 0:06:08]} Bxc5 {[%clk 0:02:04]} 28. Qa4 {[%clk 0:05:41]} Qd6
{[%clk 0:01:13]} 29. Ne5 {[%clk 0:05:15]} Nxe5 {[%clk 0:00:26]} 30. Qe8+
{[%clk 0:05:19]} Qf8 {[%clk 0:00:35]} 31. Qxe5 {[%clk 0:05:28]} Ba3
{[%clk 0:00:31]} 32. Rb1 {[%clk 0:04:58]} Bd6 {[%clk 0:00:26]} 33. Qxd5
{[%clk 0:05:06]} Bc8 {[%clk 0:00:29]} 34. Rd1 {[%clk 0:04:59]} Bc5
{[%clk 0:00:33]} 35. Qc6 {[%clk 0:03:23]} Bg4 {[%clk 0:00:26]} 36. Bf3
{[%clk 0:03:25]} Be6 {[%clk 0:00:29]} 37. Bd5 {[%clk 0:03:31]} Bg4
{[%clk 0:00:35]} 38. Rc1 {[%clk 0:03:11]} Bb6 {[%clk 0:00:44]} 39. Qb7
{[%clk 0:03:07]} g6 {[%clk 0:00:44]} 40. Rc4 {[%clk 0:03:11]} Bh3
{[%clk 0:00:32]} 41. Rf4 {[%clk 0:02:55]} Bf5 {[%clk 0:00:14]} 42. g4
{[%clk 0:03:00]} Bc8 {[%clk 0:00:23]} 43. Qxf7+ {[%clk 0:03:00]} Qxf7
{[%clk 0:00:32]} 44. Rxf7 {[%clk 0:03:09]} 1-0

[Event "Russian Championship (Rapid, Men)"]
[Site "Sochi"]
[Date "2018.10.06"]
[Round "7.25"]
[White "Smagin, Sergey"]
[Black "Vastrukhin, Oleg"]
[Result "0-1"]
[BlackElo "2574"]
[WhiteElo "2442"]
[LiveChessVersion "1.4.8"]

1. e4 {[%clk 0:15:18]} g6 {[%clk 0:15:19]} 2. d4 {[%clk 0:15:27]} Bg7
{[%clk 0:15:28]} 3. c3 {[%clk 0:15:37]} c6 {[%clk 0:15:33]} 4. f4
{[%clk 0:15:44]} d5 {[%clk 0:15:42]} 5. e5 {[%clk 0:15:53]} Nh6 {[%clk 0:15:50]}
6. Nd2 {[%clk 0:14:32]} f6 {[%clk 0:15:40]} 7. Ngf3 {[%clk 0:14:19]} O-O
{[%clk 0:15:33]} 8. Bd3 {[%clk 0:13:19]} Bf5 {[%clk 0:15:03]} 9. Be2
{[%clk 0:13:15]} fxe5 {[%clk 0:14:54]} 10. fxe5 {[%clk 0:13:23]} c5
{[%clk 0:14:48]} 11. Nb3 {[%clk 0:12:45]} cxd4 {[%clk 0:14:49]} 12. cxd4
{[%clk 0:10:07]} Nc6 {[%clk 0:14:48]} 13. O-O {[%clk 0:10:01]} Rc8
{[%clk 0:13:02]} 14. Kh1 {[%clk 0:05:35]} Nb4 {[%clk 0:12:24]} 15. Ne1
{[%clk 0:05:30]} Be4 {[%clk 0:10:03]} 16. Bxh6 {[%clk 0:04:51]} Bxh6
{[%clk 0:09:46]} 17. Nc5 {[%clk 0:04:50]} Rxf1+ {[%clk 0:08:05]} 18. Bxf1
{[%clk 0:04:59]} Qf8 {[%clk 0:08:13]} 19. Be2 {[%clk 0:04:38]} Rxc5
{[%clk 0:08:20]} 20. dxc5 {[%clk 0:04:48]} Qf2 {[%clk 0:08:28]} 21. Nf3
{[%clk 0:04:16]} Nc2 {[%clk 0:08:20]} 22. Qf1 {[%clk 0:04:15]} Qxc5
{[%clk 0:08:07]} 23. Rd1 {[%clk 0:03:57]} Qb6 {[%clk 0:07:39]} 24. Qg1
{[%clk 0:02:47]} Be3 25. Qf1 Bf4 {[%clk 0:06:59]} 26. Qg1 {[%clk 0:03:05]} Ne3
{[%clk 0:06:39]} 27. Rc1 {[%clk 0:03:06]} Qxb2 {[%clk 0:06:46]} 28. Rc8+
{[%clk 0:02:08]} Kg7 {[%clk 0:06:54]} 29. Qe1 {[%clk 0:01:51]} Bxe5
{[%clk 0:06:12]} 30. Bf1 {[%clk 0:01:26]} Nxf1 {[%clk 0:06:02]} 31. Qxf1
{[%clk 0:01:33]} Bxf3 {[%clk 0:06:09]} 32. Re8 {[%clk 0:00:17]} Bd6
{[%clk 0:06:16]} 33. Qd1 Qc3 0-1